000 00985nam a22002537a 4500
005 20170124102944.0
010 _aA-952296
020 _c90.00
035 _aA-952296
037 _bCen Lib/Ret
040 _aDPL
_bHN
082 _a821
_bनाथसं
100 _aनाथ, संगीता
_943260
245 _aप्रश्नचिंह /
_cसंगीता नाथ
246 _aPrashnchinh /
_bby Sangeeta Nath
260 _aदिल्ली
_bसाहित्य सहकार
_c1997
270 _a29/62-बी, गली न. 11, विश्वास नगर
_bदिल्ली
_e110032
300 _a71पृ. :
_c21सेमी (सजिल्द)
_bसचित्र
650 _aहिन्दी -- साहित्य
_949218
650 _aहिन्दी -- काव्य
_9779
650 _aHindi - literature
_949219
650 _aHindi -- Poetry
_949220
942 _2ddc
_cHN
_h821
_mनाथसं
999 _c112793
_d112793